| 000 | 00863nam a22002415a 4500 | ||
|---|---|---|---|
| 003 | OSt | ||
| 005 | 20170315112206.0 | ||
| 008 | 170313s2014 ua frb 000 0 ara d | ||
| 015 | _a2014 / 9818 | ||
| 020 | _a9789770475522 | ||
| 040 |
_aEG-ScBUE _bara _cEG-ScBUE |
||
| 043 | _af-ua--- | ||
| 082 | 0 | 4 |
_a346.62486 _bك ر ا _222 |
| 100 | 1 | _aكرارة، نيفين حسين. | |
| 245 | 1 | 2 |
_aالتزام المخترع بالإفصاح عن سر الاختراع / _cتأليف نيفين حسين كرارة. |
| 260 |
_aالقاهرة : _bدار النهضة العربية، _c2014. |
||
| 300 |
_a472 ص. ؛ _c24 سم. |
||
| 504 | _aيشتمل على إرجاعات ببليوجرافية. | ||
| 650 | 7 |
_2BUEsh _aبراءات الاختراع _xقوانين وتشريعات _zمصر. _941045 |
|
| 651 | _2BUEsh | ||
| 653 |
_bLLAAWW _cMarch2017 |
||
| 942 | _2ddc | ||
| 999 |
_c24429 _d24401 |
||